Catálogo público

Ciencias de la tierra : (Record no. 82859)

MARC details
000 -CABECERA
campo de control de longitud fija 01147cam a22003377a 4500
003 - IDENTIFICADOR DEL NÚMERO DE CONTROL
campo de control CHAP
005 - FECHA Y HORA DE LA ÚLTIMA TRANSACCIÓN
campo de control 20240508095614.0
008 - DATOS DE LONGITUD FIJA--INFORMACIÓN GENERAL
campo de control de longitud fija 001116d2000 es a r 00110 esp d
010 ## - NÚMERO DE CONTROL DE LA BIBLIOTECA DEL CONGRESO
Número de control de LC 82859
011 ## - ENLACE DEL NUMERO DE CONTROL DE LA BIBLIOTECA DEL CONGRESO [OBSOLETO]
Número de control de LC 83831
020 ## - NÚMERO INTERNACIONAL ESTÁNDAR DEL LIBRO
Número Internacional Estándar del Libro 8483221802
035 ## - NÚMERO DE CONTROL DEL SISTEMA
Número de control de sistema 94348
040 ## - FUENTE DE LA CATALOGACIÓN
Centro/agencia transcriptor CHAP
082 04 - NÚMERO DE LA CLASIFICACIÓN DECIMAL DEWEY
Número de clasificación 550
Número de documento/Ítem T3Y 1999
100 00 - ENTRADA PRINCIPAL--NOMBRE DE PERSONA
Nombre de persona Tarbuck, Edward J.
9 (RLIN) 111695
245 10 - MENCIÓN DE TÍTULO
Título Ciencias de la tierra :
Resto del título una introducción a la geología física
Mención de responsabilidad, etc. /por Edward J. Tarbuck y Frederick K. Lutgens
260 ## - PUBLICACIÓN, DISTRIBUCIÓN, ETC.
Lugar de publicación, distribución, etc. Madrid :
Nombre del editor, distribuidor, etc. Prentice Hall,
Fecha de publicación, distribución, etc. 2000.
300 ## - DESCRIPCIÓN FÍSICA
Extensión 539 p. :
Otras características físicas ilus. + 1 disco compacto 4 3/4 plgs.
500 ## - NOTA GENERAL
Nota general Trad. de Earth, an introduction to physical geology 6ed., 1999
590 ## - NOTA LOCAL (RLIN)
Nota local BATCH-UPD
Procedencia (VM) [OBSOLETO] 10
Condición del los carretes individuales (VM) [OBSOLETO] 20130110
590 ## - NOTA LOCAL (RLIN)
Nota local BATCH-UPD
Procedencia (VM) [OBSOLETO] 10
Condición del los carretes individuales (VM) [OBSOLETO] 20130410
590 ## - NOTA LOCAL (RLIN)
Nota local BATCH-UPD
Procedencia (VM) [OBSOLETO] 10
Condición del los carretes individuales (VM) [OBSOLETO] 20130914
590 ## - NOTA LOCAL (RLIN)
Nota local CONVERSION
Procedencia (VM) [OBSOLETO] 10
Condición del los carretes individuales (VM) [OBSOLETO] 20130109
650 14 - PUNTO DE ACCESO ADICIONAL DE MATERIA--TÉRMINO DE MATERIA
Término de materia o nombre geográfico como elemento de entrada Geología.
9 (RLIN) 47604
700 0# - PUNTO DE ACCESO ADICIONAL--NOMBRE DE PERSONA
Nombre de persona Lutgens, Frederick K.
9 (RLIN) 69201
901 ## - ELEMENTOS DE DATOS A LOCAL LDA (RLIN)
a BK
905 ## - ELEMENTOS DE DATOS E LOCAL, LDE (RLIN)
a Lilia Sánchez G.
942 ## - ELEMENTOS DE PUNTO DE ACCESO ADICIONAL (KOHA)
Tipo de ítem Koha CD
Fuente del sistema de clasificación o colocación Dewey Decimal Classification
949 ## - PROCESAMIENTO DE INFORMACIÓN LOCAL (OCLC)
a 550 T3Y 1999
b BC
c CD
d 33724002027371
e CD
f CD
i 94348
s b
949 ## - PROCESAMIENTO DE INFORMACIÓN LOCAL (OCLC)
a 550 T3Y 1999
b BC
c LIBRO
d 33724000804233
e LIBRO
g I.208351
h 99055
i 94348
s o
t $209.00
Holdings
Estado de retiro Estado de pérdida Fuente del sistema de clasificación o colocación Estado dañado Restricciones de uso No para préstamo Código de colección Localización permanente Ubicación/localización actual Fecha de adquisición Fuente de adquisición Información codificada de la localización en otra ubicación Total de préstamos Signatura topográfica completa Código de barras Fecha visto por última vez Precio válido a partir de Tipo de ítem Koha Nota pública Ubicación en estantería
    Dewey Decimal Classification   Préstamo interno   Material multimedia Biblioteca Central Biblioteca Central 17/12/2012 I.208351 CD   550 T17 1999 33724002383314 31/12/2019 31/12/2019 CD Material complementaio  
    Dewey Decimal Classification   Préstamo 15 días   General Biblioteca Central Biblioteca Central 31/12/2019   LIBRO   550 T17 1999 33724000804233 31/12/2019 31/12/2019 Libro   Planta alta - Colección General